000
00351nam a2200157Ia 4500
100
_a
Krishna. Mohan/ Singh / N.P.
650
_a
Automobiles
942
_c
BK
654
_a
speaking english
245
_a
Speaking English Effectively
260
_b
Macmillan
_c
1995
082
_a
414
_b
KRI/SIN
300
_a
213
546
_a
ENGLISH
999
_c
21828
_d
21828